000 00591nam a2200193 a 4500
001 000012950
005 20240530073931.0
008 091118s1969 dr 000 e spa d
040 _aDO-SdBNP
_bspa
_cBNPHU
082 _aRD868.44
_bR696c
100 1 _aRodríguez, Miguel
_929851
245 1 0 _aCamino de letras /
_cMiguel Rodríguez.
260 _aSanto Domingo :
_bEditora del Caribe,
_c1969.
300 _a129 p. ;
_c18 cm.
650 0 _aEnsayos dominicanos
_965
650 0 _aLiteratura dominicana.
_967
650 4 _aArtículos de prensa
_943
910 _aValidado. Control de calidad MFF
999 _c12598
_d12598